LEADER 00874nam a2200253 a 4500 001 000000168966 003 CaOOAMICUS 005 20180723103204.0 008 180723s1952 it u000 u ita r 032 $aLibriCat 040 $aPUL$bita 100 1 $aPavese, Cesare,$d1908-1950.$0(OLS)http://pul/name/65424 245 13$aLa luna e i falò /$cCesare Pavese. 250 $a3. ed. 260 $aTorino :$bEinaudi,$c©1952. 300 $a179 p. ;$c20 cm. 490 1 $aI Coralli ;$v48 830 0$aCoralli ;$v48.$0(OLS)http://pul/title/171196 850 $aPUL 852 $aPUL$W1$xDP1 Fondo Dalla Palma$y117$m9 B 43$j44822$qFondi$B196923$CPULBib$Z2$F196923 $HDal158 $81 941 1 $a1 996 $6245$aLa luna e i falò$9(OLS)http://pul/title/171670 996 $6260$aTorino :$bEinaudi$9(OLS)http://pul/publisher/48130 LEADER 01544nam a2200337 u 4500 001 000000018581 003 CaOOAMICUS 005 20070226110706.0 008 950116s1969 fr u000 u fre u 035 $a10439483 040 $aPUL(R)$bita 041 1 $afre$hsyr 245 04$aLes lois assyriennes /$cintroduction, traduction, commentaire de Guillaume Cardascia.. 260 $aParis :$bLes Éditions du Cerf,$cc1969. 300 $a358 p. ;$c20 cm 490 1 $aLittératures anciennes du Proche-Orient ;$v2 500 $aInclude indice. 504 $aBibliografia: p. [13]-18. 650 4$aDiritto assiro.$0(OLS)http://pul/subject/12758 651 4$aAssiria$xAntichità.$0(OLS)http://pul/subject/3252 700 1 $aCardascia, Guillaume.$0(OLS)http://pul/name/16504 830 0$aLittératures anciennes du Proche-Orient ;$v2.$0(OLS)http://pul/title/26443 850 $aPUL 852 $aPUL$W1$xSL Diritto e Scienze Sociali 1$y4$m188 G 1$j26174$nBK-PRI$b $qStampati$B26174$CPULBib$Z2$F26174 $H $81 852 $aPUL$W1$xSL Religione 1$y3$m1 D 54$j26175$nBK-PRI$b $qStampati$B26175$CPULBib$Z2$F26175 $H $81 852 $aPUL$W1$xDP1 Fondo Gelio$y54$m3 C 7$j26176$nBK-PRI$b $qFondi$B26176$CPULBib$Z2$F26176 $HPUL0388 $81 941 1 $a8 941 1 $a1 961 $aINV: 50716 996 $6245$aLes lois assyriennes$9(OLS)http://pul/title/26442 996 $6260$aParis :$bLes Éditions du Cerf$9(OLS)http://pul/publisher/47861